00399nam a22001457a 450000500170000000800410001702200130005804100130007108200130008410000130009724500430011026000430015330000310019665000260022720240305092509.0240305b |||||||| |||| 00| 0 eng d a10233806 aEnglish  a349 BUT  lEnglish  aButterworths Law reports : Labour Law  aDurban : bLexisNexis (Pty) Ltd,c2018 bxxii, 105 pages ; c25 cm. aLegal practice bLaw